| 000 | 00361nam a22001337a 4500 | ||
|---|---|---|---|
| 020 | _a13:978026477 | ||
| 082 | _a658. | ||
| 100 | _aScott T.Jonathan. | ||
| 245 | _aThe Concise Handbook of Mnagement | ||
| 260 |
_aLondon. _bbest business book and the haworth refference press _c2005 |
||
| 300 |
_axiv.258p. _bill,;21cm. |
||
| 500 | _aInclude index. | ||
| 942 | _cBK | ||
| 999 |
_c18969 _d18969 |
||